Word Ladder: Motown Quartet Quiz Stats

 Plays Quiz Updated Jun 19, 2015

Challenge
Share
Tweet
Embed
Score 0/26 Timer 03:00
1 Play Today
Hint 4-Letter Word % Correct
Two times two• FOUR •
99.6%
A shopping centerMALL
96.6%
'The Tortoise and the ____'HARE
95.9%
Letters and packages sent by the postal systemMAIL
95.4%
'Chicken Soup for the ____'SOUL
94.7%
Pack of cardsDECK
94.4%
The upper layer of earth in which plants growSOIL
94.3%
Insects sometimes found in human hairLICE
93.8%
To pass the tongue over the surface ofLICK
93.5%
To choose or selectPICK
93.1%
Table typically used to study or work onDESK
92.8%
Sound snakes makeHISS
92.5%
Wicked or immoralFOUL
92.1%
Hint 4-Letter Word % Correct
Actor Gregory of 'Cape Fear'PECK
91.6%
Woody Allen's 'Annie ____'HALL
91.2%
To move smoothly and rapidlySAIL
89.8%
Flat, thin, round objectDISK
89.4%
Speak disrespectfully to or criticizeDISS
88%
Free from defect, disease, or infirmityHALE
86.4%
To be without or insufficent inLACK
84.3%
Entwine togetherLACE
81.8%
Throw with an easy arcTOSS
81.6%
Son on 'Bonanza'HOSS
81.4%
A small ground-dwelling songbirdLARK
80.5%
Listen, archaicallyHARK
80%
Highest or uppermost points• TOPS •
75.2%

Today's Daily Dose

Missing Word
Entertainment 'M'

Word Ladder
North Carolina

On This Day
January 16th II

You're not logged in!

Compare scores with friends on all Sporcle quizzes.
OR
Log In

You Might Also Like...

Show Comments

Extras

Top Quizzes Today


Score Distribution

Your Account Isn't Verified!

In order to create a playlist on Sporcle, you need to verify the email address you used during registration. Go to your Sporcle Settings to finish the process.

Report this User

Report this user for behavior that violates our Community Guidelines.

Details: